000 00954nam a22003017a 4500
001 8035
003 FISKH
005 20250819113612.0
008 250819b cb ||||| |||| 00| 0 eng d
020 _a9780763643690
040 _aFISKH
_beng
_cFISKH
_dFISKH
050 _aPZ7.C83175 M
082 _a823.914
100 _aCousin, Lucy
_d(1964-)
245 _aMaisy, Charley, and the Wobbly tooth /
_cLucy Cousins
250 _aThis edition first published in 2009
260 _aLondon :
_bCandlewick,
_c2006
300 _a26 unnumbered pages :
_bcolor illustrations ;
_c19 x 23 cm
505 _aE
520 _aMaisy the mouse and her animal friends accompany nervous Charley on his first visit to the dentist.
521 8 _a200
_bLexile
521 8 _aE
_bRaz-Plus
650 _2Picture book
_aDentist
650 _2Tooth teeth lose loose
_aSee dentist
700 _aLucy, Cousin
_dillustrator
942 _2ddc
_cBK
_n0
999 _c8035
_d8035